000 00665cam a2200229 4500500
005 20260405003319.0
041 _afre
042 _adc
100 1 0 _aEnjalbert, Cédric
_eauthor
245 0 0 _a“The Underground Railroad”. Sur les rails de l’histoire
260 _c2021.
500 _a58
690 _aÉcrans
690 _aesclavage
690 _aÉtats-Unis
690 _aNoir
690 _aSéries télé
690 _aTrain
690 _aUSA
786 0 _nPhilosophie magazine | 150 | 6 | 2021-06-01 | p. 92-92 | 1951-1787
856 4 1 _uhttps://shs.cairn.info/magazine-philosophie-magazine-2021-6-page-92?lang=fr&redirect-ssocas=7080
999 _c2066417
_d2066417